| 000 | 00723cam a2200205 4500500 | ||
|---|---|---|---|
| 005 | 20260111080304.0 | ||
| 041 | _afre | ||
| 042 | _adc | ||
| 100 | 1 | 0 |
_aHernu, Paul _eauthor |
| 245 | 0 | 0 | _aL’érosion continue de l’autonomie fiscale et financière des collectivités locales |
| 260 | _c2019. | ||
| 500 | _a84 | ||
| 690 | _aautonomie financière | ||
| 690 | _aautonomie fiscale | ||
| 690 | _acontrats de maîtrise des dépenses | ||
| 690 | _afinances locales | ||
| 690 | _aressources propres | ||
| 786 | 0 | _nGestion & Finances Publiques | 1 | 1 | 2019-01-01 | p. 29-36 | 1969-1009 | |
| 856 | 4 | 1 | _uhttps://droit.cairn.info/revue-gestion-et-finances-publiques-2019-1-page-29?lang=fr&redirect-ssocas=7080 |
| 999 |
_c1616121 _d1616121 |
||